| 000 | 00696cam a2200217 i 4500 | ||
|---|---|---|---|
| 001 | 81101 | ||
| 003 | BD-RjUL | ||
| 005 | 20240121131355.0 | ||
| 008 | 230121s1951 ii b 001 0cu | ||
| 035 | _a(BD-RjUL)81101 | ||
| 040 |
_aDLC _beng _erda _cDLC |
||
| 041 | _aara | ||
| 082 |
_223 _a892..75 _bQAF 1951 |
||
| 100 | 0 |
_aجونپوری٫ ملا محمود ;; Jaunpuri by Mulla Mahmood _9248863 |
|
| 245 | 1 | 3 |
_aالفوائد ;; al fawayid / _cملا محمود جونپوری ;; Mulla Mahmood Jaunpuri |
| 250 | _aal-Ṭabʻah al-ūlá.;; الطبعة الأولى. | ||
| 264 | 1 |
_aKanpur : _bdar matbah qaiumi, _c1951 |
|
| 300 |
_a208 p. ; _c25 cm |
||
| 650 | _aIslam | ||
| 942 |
_2ddc _cBK |
||
| 999 |
_c81101 _d81101 |
||